|
|
|
|
| LEADER |
00000cac a2200000 i 4500 |
| 003 |
Ucuenca |
| 005 |
20230308225447.0 |
| 006 |
a||||gr|||| 001 0 |
| 007 |
ta |
| 008 |
000000s1987 ec gr|||||||1|||spa a |
| 040 |
|
|
|b spa
|a c
|c UCuenca
|e rda
|d UCuenca-cdrjbv
|
| 041 |
0 |
|
|a spa
|
| 082 |
0 |
|
|2 21
|a 199.86
|c 121587
|
| 100 |
1 |
|
|a Flores Jijón, Antonio.
|9 212197
|e autor
|
| 245 |
0 |
3 |
|a La conversión de la deuda anglo-ecuatoriana /
|c Antonio Flores Jijón, introducción, Eduardo Santos Alvite.
|
| 250 |
|
|
|a Primera edición,
|b primera reimpresión.
|
| 264 |
|
|
|a Quito:
|b Banco Central del Ecuador,
|c 1987.
|
| 300 |
|
|
|a 378 páginas:
|c 21 cm
|
| 336 |
|
|
|2 rdacontent
|a texto
|b txt
|
| 337 |
|
|
|2 rdamedia
|a no mediado
|b n
|
| 338 |
|
|
|2 rdacarrier
|a volumen
|b nc
|
| 490 |
|
|
|a Biblioteca Básica del Pensamiento Ecuatoriano.
|v Número 3
|
| 504 |
|
|
|a incl. ref.
|
| 650 |
2 |
7 |
|2 UCuenca-cdrjbv
|9 249224
|a Historia
|v ecuatoriana
|
| 650 |
1 |
7 |
|2 UCuenca-cdrjbv
|9 869
|a Deuda externa
|
| 852 |
|
|
|a UC-CDJBV
|
| 942 |
|
|
|c CR
|2 ddc
|r teodoro.astudillo@ucuenca.edu.ec
|
| 999 |
|
|
|c 152735
|d 152735
|